Landscape enters the planning process (Record no. 63693)

MARC details
000 -LEADER
fixed length control field 01314cam a2200205 4500
001 - CONTROL NUMBER
control field ABS62364
008 - FIXED-LENGTH DATA ELEMENTS--GENERAL INFORMATION
fixed length control field 000000n2000 000 0 eng u
035 ## - SYSTEM CONTROL NUMBER
System control number (Sirsi) u106344
100 ## - MAIN ENTRY--PERSONAL NAME
Personal name Burridge, K.
245 ## - TITLE STATEMENT
Title Landscape enters the planning process
260 ## - PUBLICATION, DISTRIBUTION, ETC.
Date of publication, distribution, etc. 2000
490 ## - SERIES STATEMENT
Series statement Rural Practice Bulletin
Volume/sequential designation March/April 2000, 24-25(2)
520 ## - SUMMARY, ETC.
Summary, etc. Provides a history of the consideration of landscape character in the planning process. One of the first was a Countryside Commission document published in 1987, followed by work in Warwickshire which widely gained acceptance among local authorities. In the mid 1990s the Countryside Commission carried out a programme of work to consistently analyse landscape character across England. This resulted in a map dividing England into 181 separate Regional Character areas. The first practical application of this appproach is now being developed by Staffordsgire and Stoke as part of the structure plan review, where a countryside character approach will get the go-ahead as supplementary guidance. Provides more detail on how this will operate.
590 ## - LOCAL NOTE (RLIN)
Local note ABS
650 ## - SUBJECT ADDED ENTRY--TOPICAL TERM
Topical term or geographic name entry element LANDSCAPE CHARACTER
650 ## - SUBJECT ADDED ENTRY--TOPICAL TERM
Topical term or geographic name entry element PLANNING PROCESS
650 ## - SUBJECT ADDED ENTRY--TOPICAL TERM
Topical term or geographic name entry element LANDSCAPE ASSESSMENT
690 ## - LOCAL SUBJECT ADDED ENTRY--TOPICAL TERM (OCLC, RLIN)
Topical term or geographic name as entry element ENVIRONMENTAL AND LAND CONSULTANCY-PLANNING AND DEVELOPMENT
942 ## - ADDED ENTRY ELEMENTS (KOHA)
Suppress in OPAC 0
Holdings
Withdrawn status Lost status Source of classification or shelving scheme Damaged status Not for loan Home library Current library Shelving location Date acquired Total Checkouts Full call number Barcode Date last seen Copy number Price effective from Koha item type
    Dewey Decimal Classification     London London Journal article 07/06/2000   ABS62364 106344-1001 06/08/2019 1 06/08/2019 Journal article